| 000 | 00413nam a2200181Ia 4500 | ||
|---|---|---|---|
| 001 | 10086 | ||
| 005 | 20260306161805.0 | ||
| 008 | 260306t2002||||xx |||||||||||||| ||spa|| | ||
| 041 | _aESP | ||
| 082 |
_aGR 883.1 _bF52 |
||
| 100 |
_aFinley, M. I. _eAUT |
||
| 245 | 4 | _aThe world of odysseus | |
| 260 | _c2002 | ||
| 300 |
_a205 páginas _c20 cm. |
||
| 650 | _aGEN | ||
| 654 | _aCHU | ||
| 942 |
_cLIB _dJUS _fJUS _2ddc _n |
||
| 999 |
_c10086 _d10086 |
||